REsponse of rubber (Hevea brasiliensis) seedlings to irrigation in nursery (Record no. 47237)

MARC details
000 -LEADER
fixed length control field 00740nam a2200277Ia 4500
100 ## - MAIN ENTRY--AUTHOR NAME
Personal name Lakshmanan R
245 #0 - TITLE STATEMENT
Title REsponse of rubber (Hevea brasiliensis) seedlings to irrigation in nursery
260 ## - PUBLICATION, DISTRIBUTION, ETC. (IMPRINT)
Name of publisher Natural Rubber Research
Year of publication 2004
300 ## - PHYSICAL DESCRIPTION
Number of Pages 172-176
650 ## - SUBJECT ADDED ENTRY--TOPICAL TERM
Topical Term Consumptive use
650 ## - SUBJECT ADDED ENTRY--TOPICAL TERM
Topical Term Consumptive use
650 ## - SUBJECT ADDED ENTRY--TOPICAL TERM
Topical Term Crop factor
650 ## - SUBJECT ADDED ENTRY--TOPICAL TERM
Topical Term Crop factor
650 ## - SUBJECT ADDED ENTRY--TOPICAL TERM
Topical Term Growth
650 ## - SUBJECT ADDED ENTRY--TOPICAL TERM
Topical Term Growth
650 ## - SUBJECT ADDED ENTRY--TOPICAL TERM
Topical Term Irrigation
650 ## - SUBJECT ADDED ENTRY--TOPICAL TERM
Topical Term Irrigation
650 ## - SUBJECT ADDED ENTRY--TOPICAL TERM
Topical Term Seedling nursery
650 ## - SUBJECT ADDED ENTRY--TOPICAL TERM
Topical Term Seedling nursery
650 ## - SUBJECT ADDED ENTRY--TOPICAL TERM
Topical Term Soil moisture depletion
650 ## - SUBJECT ADDED ENTRY--TOPICAL TERM
Topical Term Soil moisture depletion
700 ## - ADDED ENTRY--PERSONAL NAME
Personal name Edathil T T
700 ## - ADDED ENTRY--PERSONAL NAME
Personal name Punnoose K I
942 ## - ADDED ENTRY ELEMENTS (KOHA)
Koha item type Articles
Holdings
Withdrawn status Lost status Damaged status Not for loan Home library Current library Shelving location Date acquired Serial Enumeration / chronology Koha item type
      Articles RRII Library RRII Library Agronomy 20/12/2021 Volume 17, Issue 2 Articles